Építs magadnak kultúrházat! a balástyai sztori /

Elmentve itt :
Bibliográfiai részletek
Szerző: Sulyok Erzsébet
Dokumentumtípus: Cikk
Megjelent: 1998-10-26
Sorozat:Délmagyarország 88 No. 250
Kulcsszavak:Balástya, Közművelődés művelődési ház fölújítás Balástya
Online Access:http://dmarchiv.bibl.u-szeged.hu/83368
LEADER 00535nab a2200157 i 4500
001 delm83368
005 20191016131517.0
008 191016s1998 hu o 0|| hun d
040 |a SZTE Délmagyarország Archívum  |b hun 
041 |a hun 
100 1 |a Sulyok Erzsébet 
245 1 0 |a Építs magadnak kultúrházat!   |h [elektronikus dokumentum] :  |b a balástyai sztori /  |c  Sulyok Erzsébet 
260 |c 1998-10-26 
300 |a 7 
490 0 |a Délmagyarország  |v 88 No. 250 
695 |a Balástya, Közművelődés művelődési ház fölújítás Balástya